| 000 | 00979nam a2200313 a 4500 | ||
|---|---|---|---|
| 999 |
_c4104 _d4104 |
||
| 003 | UkOxU | ||
| 005 | 20220318055249.0 | ||
| 008 | 880629m19899999enk 001 0 eng d | ||
| 020 | _a0412333708 | ||
| 020 | _a0412316501 | ||
| 020 | _a0412348004 (v.3) | ||
| 020 | _a0412458403 (v.4) | ||
| 040 | _cALUPE UNIVERSITY | ||
| 050 | 0 |
_aRG940 _b.M53 1994 |
|
| 092 | _aD0000032422 | ||
| 245 | 0 | 0 |
_aMidwives, research and childbirth / _cedited by Sarah Robinson and Ann M. Thomson. |
| 260 |
_aLondon : _bChapman and Hall, _cc1994. |
||
| 300 |
_av. ; _c22 cm. |
||
| 650 | 0 | _aChildbirth. | |
| 650 | 0 | _aPregnancy. | |
| 650 | 2 | _aMidwifery. | |
| 700 | 1 |
_aRobinson, Sarah, _d1948- |
|
| 700 | 1 |
_aThomson, Ann M., _d1944- |
|
| 942 |
_2lcc _cBK |
||